| 000 | 01208cam a22003974i 4500 | ||
|---|---|---|---|
| 003 | PE-LiUPU | ||
| 005 | 20250805101938.0 | ||
| 008 | 150625s1908 enk r 000 0 eng d | ||
| 035 | _a(Sirsi) a36037 | ||
| 040 |
_aPE-LiUPU _bspa _cPE-LiUPU _erda |
||
| 082 | 0 | 4 |
_a220.536 _bP964 _221 |
| 130 |
_aBiblia. _lYiddish. |
||
| 242 | 0 | 3 | _aLa Toráh, Los profetas, Los escritos |
| 245 | 0 | 0 |
_aProfetas y escrituras de la Torá : Toda la Sagrada Escritura / _bTraducción de las Sagradas Escrituras al Yidish y Alemán. |
| 264 | 1 |
_aLondres : _bDepósito de Londres 3, Bridewell place, New Bridge Street, E.C _c1908. |
|
| 300 |
_a2182 páginas ; _c20 centímetros |
||
| 336 |
_atext _2rdacontent |
||
| 337 |
_aunmediated _2rdamedia |
||
| 338 |
_avolume _2rdacarrier |
||
| 505 | 0 | _aAntiguo Testamento -- Nuevo testamento. | |
| 526 | _aSEG42 | ||
| 526 | _aSEG41 | ||
| 526 | _aSEG40 | ||
| 526 | _aSEG39 | ||
| 526 | _aP94 | ||
| 526 | _aP87 | ||
| 526 | _aP86 | ||
| 526 | _aP85 | ||
| 526 | _aP77 | ||
| 526 | _aP76 | ||
| 526 | _aP35 | ||
| 630 | 0 |
_aBiblia. _f1908. _lYiddish. _96017 |
|
| 942 |
_2ddc _cBK |
||
| 980 |
_818226 _gJaime Vilcazán Jefe de Análisis Documental |
||
| 999 |
_c44066 _d44066 |
||